Migration matters : (Record no. 104085)

MARC details
000 -LEADER
fixed length control field 00715nam a22002057a 4500
005 - DATE AND TIME OF LATEST TRANSACTION
control field 20161020120835.0
010 ## - LCCN (DPL NO)
LC control number ENG-116240
020 ## - INTERNATIONAL STANDARD BOOK NUMBER
International Standard Book Number 9780199464807
Terms of availability 995.00
020 ## - INTERNATIONAL STANDARD BOOK NUMBER
International Standard Book Number 0199464804
Terms of availability 995.00
035 ## - SYSTEM CONTROL NUMBER
System control number EN-99772
037 ## - SOURCE OF ACQUISITION
Source of stock number/acquisition DBAD/PUB
082 ## - DEWEY DECIMAL CLASSIFICATION NUMBER
Classification number 325
100 ## - MAIN ENTRY--PERSONAL NAME
Personal name Gollerkeri,Gurucharan
245 ## - TITLE STATEMENT
Title Migration matters :
Remainder of title mobility in a globalizing world /
Statement of responsibility, etc by Gurucharan Gollerkeri [and] Natasha Chhabra
260 ## - PUBLICATION, DISTRIBUTION, ETC. (IMPRINT)
Place of publication, distribution, etc New Delhi
Name of publisher, distributor, etc Oxford University Press
Date of publication, distribution, etc 2016
270 ## - ADDRESS
Address YMCA Library Building, 1 Jai Singh Road,
City New Delhi
Postal code 110001
300 ## - PHYSICAL DESCRIPTION
Extent xxviii,329p.
Dimensions 22cm(Hb)
500 ## - GENERAL NOTE
General note Includes bibliographical references and index
942 ## - ADDED ENTRY ELEMENTS (KOHA)
Source of classification or shelving scheme Dewey Decimal Classification
Item type English Books
Call number suffix GOL
Classification part 325
Holdings
Withdrawn status Lost status Not for loan Collection code Home library Current library Date acquired Source of acquisition Cost, normal purchase price Full call number Barcode Copy number Cost, replacement price Koha item type
      Non-fiction Bawana Bawana 20/10/2016 DBAD/PUB 995.00 325 GOL EN-99772 1 995.00 English Books

© Delhi Public Library
Hit Counter
free hit counter